Statistics for Supercopa de España Winners

Click here to take the quiz!

General Stats

  • This quiz has been taken 36 times
  • The average score is 38 of 40

Answer Stats

EditionWinner% Correct
2013Barcelona
100%
2006Barcelona
100%
1983Barcelona
100%
2023Barcelona
100%
2005Barcelona
100%
1996Barcelona
100%
2018Barcelona
100%
1994Barcelona
100%
1992Barcelona
100%
1991Barcelona
100%
2009Barcelona
100%
2010Barcelona
100%
2011Barcelona
100%
2016Barcelona
100%
2003Real Madrid
100%
2008Real Madrid
100%
2012Real Madrid
100%
2024Real Madrid
100%
2022Real Madrid
100%
2001Real Madrid
100%
1997Real Madrid
100%
1993Real Madrid
100%
1990Real Madrid
100%
1989Real Madrid
100%
1988Real Madrid
100%
2020Real Madrid
100%
2017Real Madrid
100%
2014Atlético Madrid
97%
1985Atlético Madrid
97%
2007Sevilla
97%
2021Athletic Bilbao
93%
2015Athletic Bilbao
93%
1984Athletic Bilbao
93%
1999Valencia
90%
2000Deportivo La Coruña
76%
1995Deportivo La Coruña
76%
2002Deportivo La Coruña
76%
1982Real Sociedad
66%
1998Mallorca
62%
2004Zaragoza
48%

Score Distribution

Percentile by Number Answered

Percent of People with Each Score

Your Score History

You have not taken this quiz